Welcome to the Holygrace Academy Library

Please use search bar below to get started

MY SECRET UNICORN (Record no. 3548)

MARC details
000 -LEADER
fixed length control field 00330nam a22001457a 4500
020 ## - INTERNATIONAL STANDARD BOOK NUMBER
ISBN 0-141-31341-2
082 ## - DEWEY DECIMAL CLASSIFICATION NUMBER
Classification number 823
Item number CHA/S
100 ## - MAIN ENTRY--AUTHOR NAME
Personal name CHAPMAN, LINDA
245 ## - TITLE STATEMENT
Title MY SECRET UNICORN
Remainder of title MAGIC STORY
260 ## - PUBLICATION, DISTRIBUTION, ETC. (IMPRINT)
Place of publication NEW DELHI
Name of publisher PENGUIN BOOKS
Year of publication 2002
300 ## - PHYSICAL DESCRIPTION
Number of Pages 110
520 ## - SUMMARY, ETC.
Summary, etc SHORT STORY
650 ## - SUBJECT ADDED ENTRY--TOPICAL TERM
Topical Term SHORT STORY
942 ## - ADDED ENTRY ELEMENTS (KOHA)
Koha item type Books
Holdings
Withdrawn status Lost status Collection code Home library Current library Shelving location Date acquired Source of acquisition Full call number Accession Number Koha item type
    Fiction Main Library Main Library SHELF 4-B ANIMAL ARK 21/03/2014 Purchase 823 CHA/S 08060 Books